Get the Picture: Boxing Legends Quiz Stats

 Plays Quiz Updated Aug 25, 2019

Score 0/16 Timer 04:00
2 Plays Today
Question Answer Wrong Answers
Born in Louisville, Kentucky Muhammad Ali
81.3%
Mike Tyson
4.2%
Roy Jones Jr.
4.9%
Floyd Mayweather Jr.
2.9%
Won an Olympic gold medal Muhammad Ali
70.6%
Mike Tyson
6.7%
Roy Jones Jr.
8.3%
Floyd Mayweather Jr.
7.8%
Born in Brownsville, Brooklyn, New York Mike Tyson
69.5%
Muhammad Ali
9%
Roy Jones Jr.
7.5%
Floyd Mayweather Jr.
6.7%
The only three-time lineal champion of the heavyweight division Muhammad Ali
68%
Mike Tyson
16.6%
Roy Jones Jr.
4.8%
Floyd Mayweather Jr.
3.8%
Holds the record as the youngest boxer to win a heavyweight title at
20 years, 4 months & 22 days old
Mike Tyson
67%
Muhammad Ali
16.6%
Roy Jones Jr.
4.1%
Floyd Mayweather Jr.
5.6%
Total Fights: 50 Wins: 50 Wins by KO: 27 Losses: 0 Floyd Mayweather Jr.
62.7%
Muhammad Ali
11.4%
Mike Tyson
7.2%
Roy Jones Jr.
11.2%
Total Fights: 61 Wins: 58 Wins by KO: 37 Losses: 5 Muhammad Ali
61.7%
Mike Tyson
15%
Roy Jones Jr.
11.4%
Floyd Mayweather Jr.
4.9%
Born in Pensacola, Florida Roy Jones Jr.
54.5%
Muhammad Ali
7.1%
Mike Tyson
10.4%
Floyd Mayweather Jr.
21.1%
Total Fights: 58 Wins: 50 Wins by KO: 44 Losses: 6 No Contest: 2 Mike Tyson
51.2%
Muhammad Ali
21.8%
Roy Jones Jr.
12%
Floyd Mayweather Jr.
7.4%
The first heavyweight boxer to simultaneously hold the WBA, WBC & IBF titles, and the only heavyweight to successively unify them Mike Tyson
50.6%
Muhammad Ali
27.6%
Roy Jones Jr.
6.1%
Floyd Mayweather Jr.
8.3%
Born in Grand Rapids, Michigan Floyd Mayweather Jr.
47.6%
Muhammad Ali
10%
Mike Tyson
13.4%
Roy Jones Jr.
22.1%
Won an Olympic silver medal Roy Jones Jr.
46.9%
Muhammad Ali
15.7%
Mike Tyson
15.1%
Floyd Mayweather Jr.
15%
Held multiple world titles in 5 weight classes Floyd Mayweather Jr.
44.8%
Muhammad Ali
13%
Mike Tyson
7.5%
Roy Jones Jr.
27.5%
Total Fights: 75 Wins: 66 Wins by KO: 47 Losses: 9 Roy Jones Jr.
43.5%
Muhammad Ali
24.6%
Mike Tyson
16%
Floyd Mayweather Jr.
8.5%
Holds the record for the most wins in unified light heavyweight title bouts in boxing history Roy Jones Jr.
42%
Muhammad Ali
17.7%
Mike Tyson
9.3%
Floyd Mayweather Jr.
23%
Won an Olympic bronze medal Floyd Mayweather Jr.
42%
Muhammad Ali
16.1%
Mike Tyson
14.4%
Roy Jones Jr.
20.5%

Today's Daily Dose

Missing Word
Sherlocks

Word Ladder
King of the Hill

Quick Pick
Songs in Pink

Get the Picture
NBA Teammates

You're not logged in!

Compare scores with friends on all Sporcle quizzes.
OR
Log In

Sporcle TV

Today on Sporcle TV


Watch our educational content, quiz creation guides, and fun videos on Sporcle TV.

Show Comments

Extras

Top Quizzes Today


Score Distribution

Your Account Isn't Verified!

In order to create a playlist on Sporcle, you need to verify the email address you used during registration. Go to your Sporcle Settings to finish the process.

Report this User

Report this user for behavior that violates our Community Guidelines.

Details: